00362 a2200097 4500001001000000005001700010008004100027245010000068100002900168773006700197ART_1831520260410161919.0260409a 10aLos impuestos a las actividades lucrativas de la Capital Federal y la Provincia de Buenos Aires1 aSzuster, Salomón Jorge0 tLa informacióng- Tomo XXXIII, Nº 556 (abr. 1976)wREV14902